Jean-Jacques Mercier-Marcel, 1826-1903, Gustave Naville-Neher, 1848-1929, René Thury, 1860-1938, Maurice Guigoz, 1868-1919
Uloženo v:
| Hlavní autor: | |
|---|---|
| Médium: | Kniha |
| Jazyk: | Undetermined |
| Vydáno: |
Zurich
Institut de recherches économiques
1958
|
| Témata: | |
| Tagy: |
Přidat tag
Žádné tagy, Buďte první, kdo otaguje tento záznam!
|
| Thư viện lưu trữ: | Trung tâm Học liệu Trường Đại học Cần Thơ |
|---|
| LEADER | 00620nam a2200193Ia 4500 | ||
|---|---|---|---|
| 001 | CTU_82392 | ||
| 008 | 210402s9999 xx 000 0 und d | ||
| 082 | |a 338.092 | ||
| 082 | |b M586 | ||
| 100 | |a Mestral, Aymon de | ||
| 245 | 0 | |a Jean-Jacques Mercier-Marcel, 1826-1903, Gustave Naville-Neher, 1848-1929, René Thury, 1860-1938, Maurice Guigoz, 1868-1919 | |
| 245 | 0 | |c Aymon de Mestral | |
| 260 | |a Zurich | ||
| 260 | |b Institut de recherches économiques | ||
| 260 | |c 1958 | ||
| 650 | |a Businessmen | ||
| 650 | |z Switzerland | ||
| 904 | |i Trọng Hải | ||
| 980 | |a Trung tâm Học liệu Trường Đại học Cần Thơ | ||